000 00454nam a22001577a 4500
999 _c7014
_d7014
003 GBCCL
005 20241126110617.0
008 180705b ||||| |||| 00| 0 eng d
040 _cGBC
082 _a621.38195
_bREA
245 _aReader's Digest How to Do Just About Anything On a Computer
260 _aLondon:
_bReader's Digest Association Ltd.,
_c2001.
300 _a383
651 _aMicrocomputer - Homework, manuals, etc.
_912457
942 _2ddc
_cREF